La fábrica
Збережено в:
| Автор: | |
|---|---|
| Формат: | Книга |
| Мова: | Іспанська |
| Опубліковано: |
Santiago
Universidad Diego Portales
2008
|
| Редагування: | 1a. ed |
| Предмети: | |
| Теги: |
Додати тег
Немає тегів, Будьте першим, хто поставить тег для цього запису!
|
MARC
| LEADER | 00000cam a2200000 a 4500 | ||
|---|---|---|---|
| 001 | UCF2004 | ||
| 003 | CL-VaPUC | ||
| 008 | 120802e20080700CL |||||||||||||||||spa|d | ||
| 020 | |a 9789563140378 | ||
| 082 | 0 | 4 | |a 709.04 |b TEJ |2 21 |
| 100 | 0 | |a Tejeda Marshall, Juan Guillermo |e author |9 563588 | |
| 245 | 1 | 3 | |a La fábrica |
| 250 | |a 1a. ed | ||
| 300 | |a 328 p | ||
| 942 | |c BK | ||
| 945 | |d 20120802 00:00:00 |a dcastane | ||
| 260 | |a Santiago |b Universidad Diego Portales |c 2008 | ||
| 650 | 0 | |a Arte moderno |y Siglo 20 |9 265274 | |
| 650 | 0 | |a Crítica e interpretación |9 255042 | |
| 583 | |a last modification |c 20120802 10:35:00 |k Rodrigo Vera | ||
| 999 | |c 348686 |d 348684 | ||
| 952 | |0 0 |1 0 |4 0 |6 709_040000000000000_TEJ_2008 |7 0 |8 A |9 450820 |a BIBART |b BIBART |d 2019-11-22 |i 4883489 |o 709.04 TEJ 2008 |p 4883489 |r 2025-03-13 |w 2019-11-22 |y BK |k ART | ||
| 952 | |0 0 |1 0 |3 erb |4 0 |6 709_040000000000000_TEJ_2008 |7 0 |8 A |9 450821 |a BIBARQ |b BIBARQ |d 2019-11-22 |i 5021413 |o 709.04 TEJ 2008 |p 5021413 |r 2025-01-20 |w 2019-11-22 |y BK |z Catalogado en:20131018 |k ARQ | ||